000 00566nam a22002177a 4500
003 UA-OsUOA
001 60060
007 ta
008 20090506b un ||||| |||| 00| 0 ukr d
100 _aКуддрин А.
090 _a330
_bК88
942 _cSA
040 _aUA-OsUOA
_brus
_cUA-OsUOA
_dUA-OsUOA
245 _aМировой финансовый кризис и его влияние на Россию
300 _aС 9-28 с.
955 _a0
041 _arus
080 _a330
773 0 _w60059
650 7 _a330 Економіка взагалі
_2UDC
999 _c346105
_d346105